Meditación de la técnica y otros ensayos sobre ciencia y filosofía
Bewaard in:
| Formaat: | Boek |
|---|---|
| Taal: | Spaans |
| Gepubliceerd in: |
Madrid
Alianza
1982
|
| Reeks: | Obras de José Ortega y Gasset
|
| Onderwerpen: | |
| Tags: |
Voeg label toe
Geen labels, Wees de eerste die dit record labelt!
|
MARC
| LEADER | 00000nam a2200000 a 4500 | ||
|---|---|---|---|
| 001 | UCZ0428 | ||
| 003 | CL-VaPUC | ||
| 008 | 950728e19820000SP |||||||||||||||||spa|d | ||
| 082 | 0 | 4 | |a 601 |b ORT |2 21 |
| 245 | 1 | 0 | |a Meditación de la técnica y otros ensayos sobre ciencia y filosofía |
| 300 | |a 170 p | ||
| 942 | |c BK | ||
| 945 | |d 19950728 00:00:00 |a mfernand | ||
| 260 | |a Madrid |b Alianza |c 1982 | ||
| 650 | 0 | |a Filosofía de las ciencias |9 256466 | |
| 650 | 0 | |a Tecnología |9 256742 | |
| 583 | |a last modification |c 19950728 00:00:00 |k Rodrigo Vera | ||
| 490 | 0 | |a Obras de José Ortega y Gasset | |
| 999 | |c 237357 |d 237355 | ||
| 952 | |0 0 |1 0 |4 0 |6 601_000000000000000_ORT_1982 |7 0 |8 P |9 246336 |a BIBEDU |b BIBEDU |c BIBEDU_PB |d 2019-11-18 |i 1543830 |l 1 |o 601 ORT 1982 |p 1543830 |r 2024-04-30 |s 2024-04-16 |w 2019-11-18 |y BK |k EDU | ||
| 952 | |0 0 |1 0 |4 0 |6 601_000000000000000_ORT_1982 |7 0 |8 P |9 246337 |a BIBEDU |b BIBEDU |c BIBEDU_PB |d 2019-11-18 |i 3625893 |o 601 ORT 1982 |p 3625893 |r 2024-01-25 |w 2019-11-18 |y BK |k BME | ||